[Event "Titled Tuesday intern op 19th Sep Late"]
[Site "Chess.com INT"]
[Date "2023.09.19"]
[Round "4"]
[White "Szyszylo, Rafal"]
[Black "Korchagina, Alena"]
[Result "1-0"]
[WhiteElo "2074"]
[BlackElo "2076"]
[PlyCount "89"]
[EventDate "2023.09.19"]
[EventType "swiss (blitz)"]
[EventRounds "11"]
[EventCountry "USA"]
[SourceTitle "EXT 2024"]
[Source "ChessBase"]
[SourceDate "2023.10.10"]
[SourceVersion "1"]
[SourceVersionDate "2023.10.10"]
[SourceQuality "1"]

1. e4 e5 2. Bc4 Nf6 3. Nc3 Bb4 4. Nge2 d6 5. 0-0 0-0 6. d3 Nc6 7. Bg5 Bxc3 8. Nxc3 h6 9. Bd2 Na5 10. Qf3 Nxc4 11. dxc4 Be6 12. b3 c6 13. Qg3 Nh5 14. Qf3 Qh4 15. h3 f5 16. Qd3 Rad8 17. f3 f4 18. Be1 Qg5 19. Kh1 Ng3+ 20. Bxg3 fxg3 21. Kg1 Qh4 22. Qe2 g5 23. Rad1 h5 24. Qe3 a6 25. a4 g4 26. fxg4 Rxf1+ 27. Rxf1 hxg4 28. Ne2 gxh3 29. Qxg3+ Qxg3 30. Nxg3 hxg2 31. Kxg2 Kg7 32. Nf5+ Bxf5 33. Rxf5 Rg8 34. Kf3 Kg6 35. Ke2 Rh8 36. Rf2 Rh1 37. Rg2+ Kf6 38. Rg8 Rh2+ 39. Kd3 Rh3+ 40. Kd2 Rh2+ 41. Kc3 Rh7 42. Rd8 Ke7 43. Rb8 Ke6 44. a5 Kd7 45. Rxb7+ 1-0

[Event "Titled Tuesday intern op 19th Sep Late"]
[Site "Chess.com INT"]
[Date "2023.09.19"]
[Round "1"]
[White "Szyszylo, Rafal"]
[Black "Pakleza, Zbigniew"]
[Result "0-1"]
[WhiteElo "2074"]
[BlackElo "2482"]
[PlyCount "54"]
[EventDate "2023.09.19"]
[EventType "swiss (blitz)"]
[EventRounds "11"]
[EventCountry "USA"]
[SourceTitle "EXT 2024"]
[Source "ChessBase"]
[SourceDate "2023.10.10"]
[SourceVersion "1"]
[SourceVersionDate "2023.10.10"]
[SourceQuality "1"]

1. e4 d6 2. d4 Nf6 3. Nc3 c6 4. f3 Qb6 5. Nge2 e5 6. Be3 Qxb2 7. Rb1 Qa3 8. Rb3 Qa5 9. Qd2 b5 10. d5 b4 11. Nd1 cxd5 12. Rxb4 Nc6 13. c3 dxe4 14. fxe4 Nxb4 15. cxb4 Qd8 16. Nec3 Be7 17. Nf2 0-0 18. Bc4 Be6 19. Bd5 Bxd5 20. Nxd5 Nxd5 21. Qxd5 a6 22. 0-0 Qd7 23. Nd3 Qb5 24. Qb3 Rac8 25. a4 Qc4 26. Rb1 Qxe4 27. b5 Qxe3+ 0-1

[Event "Titled Tuesday intern op 12th Sep Early"]
[Site "Chess.com INT"]
[Date "2023.09.12"]
[Round "10"]
[White "Gavrilin, Roman"]
[Black "Szyszylo, Rafal"]
[Result "0-1"]
[WhiteElo "2156"]
[BlackElo "2074"]
[PlyCount "98"]
[EventDate "2023.09.12"]
[EventType "swiss (blitz)"]
[EventRounds "11"]
[EventCountry "USA"]
[SourceTitle "EXT 2024"]
[Source "ChessBase"]
[SourceDate "2023.10.10"]
[SourceVersion "1"]
[SourceVersionDate "2023.10.10"]
[SourceQuality "1"]

1. e4 d6 2. d4 Nf6 3. Nc3 c6 4. Be3 g6 5. f3 b5 6. Qd3 Nbd7 7. h4 h5 8. Nh3 Bg7 9. Ng5 Nb6 10. a4 b4 11. Na2 a5 12. Nc1 Ba6 13. Qd2 Bxf1 14. Rxf1 Nc4 15. Qe2 Nxe3 16. Qxe3 0-0 17. Nb3 Qb6 18. 0-0-0 Rac8 19. Qd3 c5 20. dxc5 dxc5 21. Qc4 Qc7 22. f4 Ng4 23. Rd3 Nh2 24. Rf2 Ng4 25. Rff3 Nh2 26. e5 Nxf3 27. Nxf3 Bh6 28. g3 e6 29. Nbd2 Qc6 30. Ne4 Qxa4 31. Kb1 Qc6 32. Rd6 Qc7 33. Nf6+ Kh8 34. Nd2 Rfd8 35. Nde4 Bf8 36. Qd3 c4 37. Qd2 c3 38. Qc1 cxb2 39. Qxb2 Bxd6 40. exd6 Qxc2+ 41. Qxc2 Rxc2 42. Kxc2 a4 43. Kb2 Kg7 44. Ka2 a3 45. Kb3 Ra8 46. Ka2 b3+ 47. Kxb3 a2 48. d7 a1Q 49. Ne8+ Kf8 0-1

[Event "Titled Tuesday intern op 12th Sep Early"]
[Site "Chess.com INT"]
[Date "2023.09.12"]
[Round "8"]
[White "Khamdamova, Afruza"]
[Black "Szyszylo, Rafal"]
[Result "1-0"]
[WhiteElo "2140"]
[BlackElo "2074"]
[PlyCount "73"]
[EventDate "2023.09.12"]
[EventType "swiss (blitz)"]
[EventRounds "11"]
[EventCountry "USA"]
[SourceTitle "EXT 2024"]
[Source "ChessBase"]
[SourceDate "2023.10.10"]
[SourceVersion "1"]
[SourceVersionDate "2023.10.10"]
[SourceQuality "1"]

1. e4 d6 2. d4 Nf6 3. Nc3 g6 4. Be3 c6 5. a4 Bg7 6. f3 Nbd7 7. Qd2 0-0 8. g4 e5 9. Nge2 d5 10. g5 exd4 11. Nxd4 Nh5 12. 0-0-0 dxe4 13. Nxe4 Ne5 14. Be2 Qe7 15. Ng3 Nxg3 16. hxg3 Re8 17. Bf4 Be6 18. Kb1 Rad8 19. Qe1 Bd5 20. Qf2 Nc4 21. Bxc4 Bxc4 22. Qh2 Rxd4 23. Qxh7+ Kf8 24. Rxd4 Bxd4 25. Rd1 c5 26. c3 Qe2 27. Bd6+ Re7 28. Rxd4 Qe1+ 29. Kc2 Qe2+ 30. Rd2 Bd3+ 31. Kb3 Qe6+ 32. Ka3 Ke8 33. Rxd3 c4 34. Qg8+ Kd7 35. Bxe7+ cxd3 36. Qd8+ Kc6 37. Bb4 1-0

[Event "Titled Tuesday intern op 12th Sep Early"]
[Site "Chess.com INT"]
[Date "2023.09.12"]
[Round "6"]
[White "Lana Rodriguez, David"]
[Black "Szyszylo, Rafal"]
[Result "0-1"]
[WhiteElo "2382"]
[BlackElo "2074"]
[PlyCount "38"]
[EventDate "2023.09.12"]
[EventType "swiss (blitz)"]
[EventRounds "11"]
[EventCountry "USA"]
[SourceTitle "EXT 2024"]
[Source "ChessBase"]
[SourceDate "2023.10.10"]
[SourceVersion "1"]
[SourceVersionDate "2023.10.10"]
[SourceQuality "1"]

1. e4 d6 2. Nf3 Nf6 3. Nc3 g6 4. Bc4 Bg7 5. 0-0 e5 6. d4 Nbd7 7. Bg5 h6 8. Bh4 c6 9. a4 a5 10. Ba2 0-0 11. Re1 Qe7 12. Qd3 g5 13. Bg3 Nh5 14. dxe5 dxe5 15. Rad1 Qb4 16. Bb3 Nf4 17. Bxf4 exf4 18. e5 Nc5 19. Qc4 Nxb3 0-1

[Event "Titled Tuesday intern op 12th Sep Late"]
[Site "Chess.com INT"]
[Date "2023.09.12"]
[Round "11"]
[White "Przybylski, Wojciech"]
[Black "Szyszylo, Rafal"]
[Result "0-1"]
[WhiteElo "2308"]
[BlackElo "2074"]
[PlyCount "72"]
[EventDate "2023.09.12"]
[EventType "swiss (blitz)"]
[EventRounds "11"]
[EventCountry "USA"]
[SourceTitle "EXT 2024"]
[Source "ChessBase"]
[SourceDate "2023.10.10"]
[SourceVersion "1"]
[SourceVersionDate "2023.10.10"]
[SourceQuality "1"]

1. d4 d6 2. e4 Nf6 3. Nc3 g6 4. Nf3 Bg7 5. h3 0-0 6. Be2 Nc6 7. 0-0 e5 8. d5 Ne7 9. a4 a5 10. Re1 Ne8 11. Nd2 f5 12. f3 Bh6 13. Nc4 Bxc1 14. Qxc1 f4 15. Nb5 g5 16. c3 h5 17. b4 b6 18. bxa5 bxa5 19. Qd1 Nf6 20. Rb1 Rf7 21. Nd2 Rg7 22. c4 Ng6 23. c5 Nf8 24. cxd6 cxd6 25. Nc4 Ne8 26. Rb3 Nh7 27. Qd2 Nhf6 28. Nba3 g4 29. fxg4 hxg4 30. hxg4 Nxe4 31. Qc2 Qh4 32. g3 fxg3 33. Bf3 Nf2 34. Bg2 Bxg4 35. Rxg3 Nh3+ 36. Rxh3 Bxh3 0-1

[Event "Titled Tuesday intern op 12th Sep Late"]
[Site "Chess.com INT"]
[Date "2023.09.12"]
[Round "7"]
[White "Remolar Gallen, Jose"]
[Black "Szyszylo, Rafal"]
[Result "0-1"]
[WhiteElo "2329"]
[BlackElo "2074"]
[PlyCount "74"]
[EventDate "2023.09.12"]
[EventType "swiss (blitz)"]
[EventRounds "11"]
[EventCountry "USA"]
[SourceTitle "EXT 2024"]
[Source "ChessBase"]
[SourceDate "2023.10.10"]
[SourceVersion "1"]
[SourceVersionDate "2023.10.10"]
[SourceQuality "1"]

1. d4 d6 2. e4 Nf6 3. Nc3 g6 4. f4 Bg7 5. Nf3 0-0 6. Bd3 Na6 7. e5 dxe5 8. fxe5 Nd5 9. Nxd5 Qxd5 10. c4 Qd8 11. Bd2 Bg4 12. Bc3 c6 13. h3 Bxf3 14. Qxf3 Nc7 15. 0-0-0 e6 16. h4 c5 17. dxc5 Qe7 18. h5 Na6 19. hxg6 hxg6 20. Qh3 Rfd8 21. Rdf1 Qg5+ 22. Kb1 Rxd3 23. Qxd3 Nxc5 24. Qh3 Kf8 25. Rf3 Rc8 26. Rhf1 Rc7 27. Rg3 Qh5 28. Qxh5 gxh5 29. Rh3 Ne4 30. Bb4+ Ke8 31. Rxh5 Ng3 32. Rhh1 Nxh1 33. Bd6 Ng3 34. Rf3 Rxc4 35. Rxg3 Bh6 36. Rg8+ Kd7 37. Rh8 Rc1# 0-1